00801nam a2200181 a 4500003000200000005001700002008004100019050003500060100001900095245015200114260009200266300004000358504004100398650004000439650005100479650005300530650003600583020250410145416.0970101s19uu xx 00 eng d aPGS GV 1469.34.E75b.P235 2004 aPark, Suyoung. aThe effects of video games on the academic performance of Grade six male students of Southville International School and Colleges /cSuyoung Park. aLas Piñas City, Philippines : bSouthville International School and Colleges,c2004. a22 pages :billustrations ;c28 cm. aIncludes bibliographical references. aVideo gamesvPsychological aspects. aAcademic achievementvPsychological aspects.  aEducation, ElementaryvEffect of video games on. aBoys—Education (Elementary).